01602nam a2200385 a 450000100080000000500110000800800410001910000270006024501260008726000680021330000140028150000840029552003650037965000150074465000210075965000150078065000230079565000360081865000260085465000090088065000210088965000330091065000190094365000180096265000230098065300180100365300220102165300230104365300260106665300320109265300250112470000200114970000200116970000270118921043592026-03-12 2007 bl uuuu u00u1 u #d1 aARAÚJO NETO, S. E. de aProdutividade do maracujazeiro-amarelo plantado em covas e em plantio direto sob manejo orgânico.h[electronic resource] aCadernos de Agroecologia, v. 2, n. 2, p. 1515-1518, 2007.c2007 c1 CD-ROM. aArtigo apresentado no 5. Congresso Brasileiro de Agroecologia, 2007, Guarapari. aO cultivo mínimo ou plantio direto, mantêm e melhora às características físicas, químicas e principalmente biológicas dos solos, fatores diretamente relacionados a boas produtividades. O objetivo deste trabalho foi avaliar o vigor e a produtividade do maracujazeiro-amarelo plantados em diferentes tamanhos de cova e plantio direto sob manejo orgânico. aCrop yield aCropping systems aNo-tillage aOrganic production aPassiflora edulis f. flavicarpa aAgricultura Orgânica aCova aMaracujá Peroba aPassiflora Edulis Flavicarpa aPlantio Direto aProdutividade aSistema de Cultivo aCero labranza aMaracujá amarelo aMaracuyá amarillo aProducción orgánica aRendimiento de los cultivos aYellow passion fruit1 aSOUZA, S. R. de1 aSALDANHA, C. S.1 aNEGREIROS, J. R. da S.